[Event "Portueguese Mini Tournament II"]
[Site "SchemingMind.com"]
[Date "2008.01.02"]
[Round "-"]
[White "kifosi"]
[Black "JPT"]
[Result "1-0"]
[WhiteCountry "DEN"]
[BlackCountry "INT"]
[WhiteElo "1912"]
[WhiteRD "64"]
[BlackElo "1769"]
[BlackRD "79"]
[GameID "136019"]

1. e4 e5 2. Bb5 c6 3. Ba4 Bc5 4. Nf3 Nf6 5. d3 Qa5+ 6. c3 Qc7 7. O-O b5 8. Bb3 d6 9. Be3 Bxe3 10. fxe3 Bg4
11. h3 Bh5 12. Nbd2 Nbd7 13. a4 bxa4 14. Bxa4 d5 15. exd5 cxd5 16. Kh1 O-O 17. e4 dxe4 18. Nxe4 Rfd8 19. Nxf6+ Nxf6 20. Qe2 Qd6
21. Rae1 Rab8 22. Rf2 Qxd3 23. Qxd3 Rxd3 24. Nxe5 Rc8 25. Nxd3
1-0

[Event "Portueguese Mini Tournament II"]
[Site "SchemingMind.com"]
[Date "2008.01.02"]
[Round "-"]
[White "JPT"]
[Black "kifosi"]
[Result "1-0"]
[WhiteCountry "INT"]
[BlackCountry "DEN"]
[WhiteElo "1772"]
[WhiteRD "81"]
[BlackElo "1857"]
[BlackRD "64"]
[GameID "136020"]

1. e4 e5 2. Bb5 c6 3. Ba4 Nf6 4. d3 Be7 5. f4 exf4 6. Nf3 O-O 7. Nc3 d5 8. exd5 Nxd5 9. Nxd5 cxd5 10. O-O Bd7
11. Bb3 Bc6 12. Bxf4 Nd7 13. d4 Nf6 14. c3 Re8 15. Qd3 Bd6 16. Bg5 Be7 17. Ne5 h6 18. Bh4 Qc8 19. Bc2 Ne4 20. Qf3 Bxh4
21. Qxf7+ Kh7 22. Qg6+ Kg8 23. Rf7 Bf6 24. Rf1 Qe6 25. Bxe4 dxe4 26. R7xf6
1-0

[Event "Portueguese Mini Tournament II"]
[Site "SchemingMind.com"]
[Date "2008.01.18"]
[Round "-"]
[White "javilez"]
[Black "JPT"]
[Result "0-1"]
[WhiteCountry "NCA"]
[BlackCountry "INT"]
[WhiteElo "1653"]
[WhiteRD "71"]
[BlackElo "1772"]
[BlackRD "81"]
[GameID "137732"]

1. e4 e5 2. Bb5 c6 3. Ba4 Nf6 4. d3 Bc5 5. Nf3 d5 6. exd5 Qxd5 7. Nc3 Qd6 8. O-O O-O 9. Bg5 Nbd7 10. Re1 Ng4
11. Ne4 Qg6 12. h3 Ngf6 13. Nh4 Bxf2+ 14. Kxf2 Nxe4+ 15. Rxe4 Qxg5
0-1

[Event "Portueguese Mini Tournament II"]
[Site "SchemingMind.com"]
[Date "2008.01.18"]
[Round "-"]
[White "javilez"]
[Black "kifosi"]
[Result "0-1"]
[WhiteCountry "NCA"]
[BlackCountry "DEN"]
[WhiteElo "1653"]
[WhiteRD "71"]
[BlackElo "1857"]
[BlackRD "64"]
[GameID "137733"]

1. e4 e5 2. Bb5 c6 3. Ba4 Nf6 4. Nc3 b5 5. Bb3 Bc5 6. d3 O-O 7. Bg5 d6 8. Qe2 Be6 9. Bxe6 fxe6 10. O-O-O h6
11. Bh4 Nbd7 12. Nf3 b4 13. Na4 Qa5
0-1

[Event "Portueguese Mini Tournament II"]
[Site "SchemingMind.com"]
[Date "2008.01.18"]
[Round "-"]
[White "JPT"]
[Black "javilez"]
[Result "1-0"]
[WhiteCountry "INT"]
[BlackCountry "NCA"]
[WhiteElo "1769"]
[WhiteRD "79"]
[BlackElo "1569"]
[BlackRD "68"]
[GameID "137734"]

1. e4 e5 2. Bb5 c6 3. Ba4 Nf6 4. Nc3 Bb4 5. Nge2 O-O 6. O-O d5 7. d3 d4 8. Nb1 Be6 9. c3 dxc3 10. Nbxc3 Nbd7
11. Bg5 b5 12. Bc2 a5 13. f4 exf4 14. d4 Qb6 15. Nxf4
1-0

[Event "Portueguese Mini Tournament II"]
[Site "SchemingMind.com"]
[Date "2008.01.19"]
[Round "-"]
[White "kifosi"]
[Black "javilez"]
[Result "1-0"]
[WhiteCountry "DEN"]
[BlackCountry "NCA"]
[WhiteElo "1912"]
[WhiteRD "64"]
[BlackElo "1569"]
[BlackRD "68"]
[GameID "137735"]

1. e4 e5 2. Bb5 c6 3. Ba4 Nf6 4. Qe2 Be7 5. Nf3 d6 6. d3 O-O 7. O-O Bg4 8. h3 Bh5 9. Bg5 Nbd7 10. Nbd2 h6
11. Bh4 Nh7 12. Bxe7 Qxe7 13. Bb3 Kh8 14. a3 Ng5 15. Kh2 Nc5 16. Ba2
1-0

[Event "Portueguese Mini Tournament II"]
[Site "SchemingMind.com"]
[Date "2008.01.20"]
[Round "-"]
[White "SLAINTIE MHATH"]
[Black "JPT"]
[Result "0-1"]
[WhiteCountry "POL"]
[BlackCountry "INT"]
[WhiteElo "1625"]
[WhiteRD "54"]
[BlackElo "1740"]
[BlackRD "77"]
[GameID "138151"]

1. e4 e5 2. Bb5 c6 3. Bc4 Nf6 4. d3 d5 5. exd5 cxd5 6. Bb5+ Nc6 7. Bg5 Qa5+ 8. Nc3 d4 9. Bxc6+ bxc6 10. Bd2 dxc3
11. bxc3 Rb8 12. Rb1 Rxb1 13. Qxb1 Qb6 14. Qxb6 axb6 15. Ne2 Be7 16. f3 O-O 17. Bg5 Nd5 18. Bxe7 Nxe7 19. d4 exd4 20. cxd4 Re8
21. g4 Nd5 22. Kf2 Ba6 23. Ng3 Bc4 24. a3 Re3 25. Re1 Rxe1 26. Kxe1 Kf8 27. Kd2 g6 28. h4 Kg7
0-1

[Event "Portueguese Mini Tournament II"]
[Site "SchemingMind.com"]
[Date "2008.01.20"]
[Round "-"]
[White "SLAINTIE MHATH"]
[Black "kifosi"]
[Result "0-1"]
[WhiteCountry "POL"]
[BlackCountry "DEN"]
[WhiteElo "1608"]
[WhiteRD "49"]
[BlackElo "1857"]
[BlackRD "64"]
[GameID "138152"]

1. e4 e5 2. Bb5 c6 3. Ba4 Nf6 4. d3 Bc5 5. Bg5 Qb6 6. Qe2 Qxb2 7. Nf3 Qxa1 8. O-O Qxa2 9. Bb3 Qa6 10. Nxe5 d5
11. exd5 O-O 12. Bxf6 gxf6 13. Ng4 Bxg4 14. Qxg4+ Kh8 15. Re1 Nd7 16. Qxd7 Qb6 17. Qf5 Bd4 18. d6 Qb4 19. Re4 Rae8 20. g3 Rxe4
21. Qxe4 Qxd6 22. Nd2 Qc5 23. Qf4 a5 24. Ne4 Qe5 25. Qf3 b5 26. c4 a4 27. Ba2 b4 28. Qd1 b3 29. Bxb3 axb3 30. Qxb3 f5
31. Ng5 Qe1+ 32. Kg2 Qxf2+ 33. Kh3 Qf1+ 34. Kh4 Qe2 35. h3 Bf6 36. c5 Bxg5+ 37. Kxg5 Rg8+ 38. Kxf5 Qf2+ 39. Ke5 Qxc5+ 40. Kf4 Qg5+
41. Ke4 Re8+ 42. Kd4 Qe5+ 43. Kc4 Qd5+ 44. Kc3 Qxb3+ 45. Kxb3 Re3 46. Kc4 Rxg3
0-1

[Event "Portueguese Mini Tournament II"]
[Site "SchemingMind.com"]
[Date "2008.01.21"]
[Round "-"]
[White "SLAINTIE MHATH"]
[Black "javilez"]
[Result "1-0"]
[WhiteCountry "POL"]
[BlackCountry "NCA"]
[WhiteElo "1608"]
[WhiteRD "49"]
[BlackElo "1653"]
[BlackRD "71"]
[GameID "138153"]

1. e4 e5 2. Bb5 c6 3. Ba4 Nf6 4. Qf3 Be7 5. d3 O-O 6. Bb3 d5 7. exd5 cxd5 8. Bg5 Be6 9. h3 Nc6 10. c3 Qa5
11. Nd2 Rfd8 12. Qg3 Rac8 13. Ne2 d4 14. Bxe6 fxe6 15. O-O Qb5 16. Rab1 dxc3 17. bxc3 Qxd3 18. Qxd3
1-0

[Event "Portueguese Mini Tournament II"]
[Site "SchemingMind.com"]
[Date "2008.01.20"]
[Round "-"]
[White "JPT"]
[Black "SLAINTIE MHATH"]
[Result "1-0"]
[WhiteCountry "INT"]
[BlackCountry "POL"]
[WhiteElo "1740"]
[WhiteRD "77"]
[BlackElo "1625"]
[BlackRD "54"]
[GameID "138154"]

1. e4 e5 2. Bb5 a6 3. Ba4 b5 4. Bb3 Bb4 5. Nf3 d6 6. O-O h6 7. d4 Nc6 8. dxe5 Nxe5 9. Nxe5 dxe5 10. Qxd8+ Kxd8
11. Bxf7 Nf6 12. Bd2 Bd6 13. Ba5 Bb7 14. Bd5 Bxd5 15. exd5 Nxd5 16. Rd1 Nb6 17. Bxb6 cxb6 18. Rxd6+ Kc7 19. Rd1 Rad8 20. Nc3 Rd4
21. Rxd4 exd4 22. Ne2 Rd8 23. Rd1 Kb7 24. Rxd4 Re8 25. Kf1 Rc8 26. c3 a5 27. a4 Ka6 28. axb5+ Kxb5 29. b3 Ka6 30. h4
1-0

[Event "Portueguese Mini Tournament II"]
[Site "SchemingMind.com"]
[Date "2008.01.20"]
[Round "-"]
[White "kifosi"]
[Black "SLAINTIE MHATH"]
[Result "1-0"]
[WhiteCountry "DEN"]
[BlackCountry "POL"]
[WhiteElo "1857"]
[WhiteRD "64"]
[BlackElo "1608"]
[BlackRD "49"]
[GameID "138155"]

1. e4 e5 2. Bb5 a6 3. Ba4 b5 4. Bb3 Bb4 5. a3 Ba5 6. Ne2 Bb7 7. Nbc3 Nf6 8. O-O Bxc3 9. Nxc3 O-O 10. d3 Nc6
11. Be3 Nd4 12. Ba2 d5 13. exd5 Bxd5 14. Bxd5 Nxd5 15. Nxd5 Qxd5 16. Rc1 f5 17. Re1 f4 18. Bxd4 Qxd4 19. c3 Qd5 20. c4 bxc4
21. Rxc4 f3 22. Rxc7 Rab8 23. b4 Rf4 24. Rc5 Qd4 25. Qb3+ Kh8 26. Rcxe5 Rbf8 27. g3 R4f6 28. R5e4 Qb6 29. Re7 Rh6 30. R7e6 Rxe6
31. Qxe6 Qxe6 32. Rxe6 Rd8 33. Re3 Rf8 34. Kf1 g5 35. h3 h5 36. Ke1 g4 37. hxg4 hxg4 38. Re4 Rg8 39. a4 Kh7 40. Kd2 Kg6
41. Rxg4+ Kf7 42. Rxg8 Kxg8 43. Ke3
1-0

[Event "Portueguese Mini Tournament II"]
[Site "SchemingMind.com"]
[Date "2008.01.21"]
[Round "-"]
[White "javilez"]
[Black "SLAINTIE MHATH"]
[Result "0-1"]
[WhiteCountry "NCA"]
[BlackCountry "POL"]
[WhiteElo "1721"]
[WhiteRD "73"]
[BlackElo "1591"]
[BlackRD "45"]
[GameID "138156"]

1. e4 e5 2. Bb5 a6 3. Ba4 b5 4. Bb3 Bb7 5. d3 a5 6. a3 a4 7. Ba2 Bc5 8. Nf3 f6 9. Be3 Bxe3 10. fxe3 Nh6
11. Nc3 Ng4 12. Qe2 c6 13. h3 Nh6 14. O-O-O Na6 15. d4 b4 16. axb4 Nxb4 17. Bc4 a3 18. b3 Qa5 19. Na4 Na2+
0-1

[Event "Portueguese Mini Tournament II"]
[Site "SchemingMind.com"]
[Date "2008.01.26"]
[Round "-"]
[White "fjpv"]
[Black "JPT"]
[Result "1-0"]
[WhiteCountry "POR"]
[BlackCountry "INT"]
[WhiteElo "2322"]
[WhiteRD "88"]
[BlackElo "1769"]
[BlackRD "79"]
[GameID "139087"]

1. e4 e5 2. Bb5 c6 3. Ba4 Nf6 4. Nc3 d5 5. exd5 Nxd5 6. Qe2 Qd6 7. Nxd5 Qxd5 8. Nf3 e4 9. Bb3 Qf5 10. d3 Be6
11. dxe4 Qg6 12. O-O Bxb3 13. axb3 Be7 14. Nd4 O-O 15. Nf5 Re8 16. Be3 Nd7 17. Rfd1 Nf6 18. f3 b6 19. Nxe7+ Rxe7 20. Bxb6 Qh5
21. Qc4 Ne8 22. Qxc6 Rb8 23. Bxa7 Rb5 24. Rd8 f6 25. Bd4 Rg5 26. Raa8 Kf8 27. b4 Qg6 28. b5 Rxg2+ 29. Kf1 Rg5 30. Bc5 Rxc5
31. Qxc5
1-0

[Event "Portueguese Mini Tournament II"]
[Site "SchemingMind.com"]
[Date "2008.01.26"]
[Round "-"]
[White "fjpv"]
[Black "kifosi"]
[Result "1-0"]
[WhiteCountry "POR"]
[BlackCountry "DEN"]
[WhiteElo "2309"]
[WhiteRD "84"]
[BlackElo "1858"]
[BlackRD "66"]
[GameID "139088"]

1. e4 e5 2. Bb5 c6 3. Ba4 Nf6 4. d3 Be7 5. Nf3 d6 6. Nc3 O-O 7. O-O b5 8. Bb3 Be6 9. Bxe6 fxe6 10. a3 Nbd7
11. Ng5 h6 12. Nxe6
1-0

[Event "Portueguese Mini Tournament II"]
[Site "SchemingMind.com"]
[Date "2008.01.26"]
[Round "-"]
[White "fjpv"]
[Black "javilez"]
[Result "1-0"]
[WhiteCountry "POR"]
[BlackCountry "NCA"]
[WhiteElo "2294"]
[WhiteRD "89"]
[BlackElo "1653"]
[BlackRD "71"]
[GameID "139089"]

1. e4 e5 2. Bb5 c6 3. Ba4 Nf6 4. d3 Bc5 5. Nf3 Qe7 6. Nc3 O-O 7. Bb3 b5 8. O-O d6 9. Ne2 Bg4 10. Ng3 Nbd7
11. c3 Nh5 12. Nf5 Qf6 13. d4 exd4 14. cxd4 Bb6 15. Bg5 Qxg5 16. Nxg5 Bxd1 17. Rfxd1 Bc7 18. Ne7+
1-0

[Event "Portueguese Mini Tournament II"]
[Site "SchemingMind.com"]
[Date "2008.01.26"]
[Round "-"]
[White "fjpv"]
[Black "SLAINTIE MHATH"]
[Result "1-0"]
[WhiteCountry "POR"]
[BlackCountry "POL"]
[WhiteElo "2309"]
[WhiteRD "84"]
[BlackElo "1653"]
[BlackRD "49"]
[GameID "139090"]

1. e4 e5 2. Bb5 a6 3. Bc4 Bb4 4. c3 Bc5 5. d4 exd4 6. cxd4 Bb4+ 7. Nc3 d6 8. Qb3 Bxc3+ 9. bxc3 Qe7 10. Bd3 Nf6
11. Nf3 Nxe4 12. O-O O-O 13. Re1 Bf5 14. Qxb7 Nd7 15. Bxe4 Bxe4 16. Rxe4 Qd8 17. Bg5 f6 18. Bd2 Nb6 19. Rb1 Qd7 20. Rxb6 Qf5
21. Rb4 d5 22. Re7 Rae8 23. Rxc7 Qg6 24. Qxd5+ Kh8 25. Rbb7 Rg8 26. h4 h5 27. Qd6 Rb8 28. Ne5 Qe8 29. Qxf6 Rxb7 30. Nf7+ Kh7
31. Qf5+ g6 32. Ng5+ Kh8 33. Qf6+
1-0

[Event "Portueguese Mini Tournament II"]
[Site "SchemingMind.com"]
[Date "2008.01.26"]
[Round "-"]
[White "JPT"]
[Black "fjpv"]
[Result "0-1"]
[WhiteCountry "INT"]
[BlackCountry "POR"]
[WhiteElo "1769"]
[WhiteRD "79"]
[BlackElo "2322"]
[BlackRD "88"]
[GameID "139091"]

1. e4 e5 2. Bb5 c6 3. Ba4 Nf6 4. Nc3 d5 5. exd5 b5 6. Bb3 b4 7. Na4 cxd5 8. d4 e4 9. h3 Qc7 10. Ne2 Bd6
11. O-O O-O 12. c3 a5 13. f3 Ba6 14. fxe4 Nxe4 15. Rf3 Bc4 16. Bf4 Nd7 17. Qe1 Rfe8 18. Bxd6 Nxd6 19. Bxc4 Qxc4 20. Kf1 Re7
21. b3 Qb5 22. Rc1 Rae8 23. Rc2 Nf5 24. Rd2 Ne3+ 25. Kf2 Nf6 26. Nc5 bxc3 27. Nxc3 Neg4+ 28. hxg4 Nxg4+ 29. Kg3 Qb8+ 30. Kxg4 Rxe1
31. Rdf2 Qd6
0-1

[Event "Portueguese Mini Tournament II"]
[Site "SchemingMind.com"]
[Date "2008.01.27"]
[Round "-"]
[White "kifosi"]
[Black "fjpv"]
[Result "0-1"]
[WhiteCountry "DEN"]
[BlackCountry "POR"]
[WhiteElo "1846"]
[WhiteRD "66"]
[BlackElo "2287"]
[BlackRD "85"]
[GameID "139092"]

1. e4 e5 2. Bb5 c6 3. Ba4 Nf6 4. Qe2 d5 5. exd5 Bd6 6. dxc6 Nxc6 7. d3 O-O 8. Nf3 Qa5+ 9. Nc3 Nd4 10. Qd2 Bb4
11. Bb3 Bg4 12. Ng5 Nxb3 13. cxb3 Nd5 14. Nge4 f5
0-1

[Event "Portueguese Mini Tournament II"]
[Site "SchemingMind.com"]
[Date "2008.01.26"]
[Round "-"]
[White "javilez"]
[Black "fjpv"]
[Result "0-1"]
[WhiteCountry "NCA"]
[BlackCountry "POR"]
[WhiteElo "1653"]
[WhiteRD "71"]
[BlackElo "2294"]
[BlackRD "89"]
[GameID "139093"]

1. e4 e5 2. Bb5 c6 3. Ba4 Nf6 4. d3 d5 5. Nc3 b5 6. Bb3 b4 7. Na4 dxe4 8. dxe4 Qxd1+ 9. Kxd1 Nxe4 10. Be3 Nd7
11. Nf3 Be7 12. c3 bxc3 13. Nxc3 Nxc3+ 14. bxc3 f6 15. Ke2 Ba6+ 16. c4 Nb6 17. Rac1 Nd5 18. Rhd1 O-O-O 19. Bxa7 Ba3
0-1

[Event "Portueguese Mini Tournament II"]
[Site "SchemingMind.com"]
[Date "2008.01.26"]
[Round "-"]
[White "SLAINTIE MHATH"]
[Black "fjpv"]
[Result "0-1"]
[WhiteCountry "POL"]
[BlackCountry "POR"]
[WhiteElo "1653"]
[WhiteRD "49"]
[BlackElo "2309"]
[BlackRD "84"]
[GameID "139094"]

1. e4 e5 2. Bb5 c6 3. Ba4 Nf6 4. Qf3 Na6 5. Bb3 Nc5 6. d3 a5 7. a3 d5 8. Bg5 a4 9. Bxf6 Qa5+ 10. Nc3 dxe4
11. Bxf7+ Kxf7 12. dxe4 gxf6 13. Qh5+ Kg7 14. Nf3 Nxe4 15. O-O Nxc3 16. bxc3 Qxc3 17. h3 Qxc2 18. Rae1 Qg6 19. Qh4 Rg8 20. Nh2 Kh8
21. g4 Bxa3 22. Re3 Bb2 23. Kh1 a3 24. f4 a2 25. Rg3 a1=Q 26. Rxa1 Rxa1+ 27. Kg2 Qc2+
0-1

[Event "Portueguese Mini Tournament II"]
[Site "SchemingMind.com"]
[Date "2008.01.26"]
[Round "-"]
[White "Aadsje"]
[Black "JPT"]
[Result "1-0"]
[WhiteCountry "NED"]
[BlackCountry "INT"]
[WhiteElo "2229"]
[WhiteRD "67"]
[BlackElo "1772"]
[BlackRD "81"]
[GameID "139106"]

1. e4 e5 2. Bb5 c6 3. Be2 Bc5 4. d4 exd4 5. Nf3 Qe7 6. O-O Qxe4 7. Re1 Ne7 8. Bc4 Qg4 9. Bxf7+ Kf8 10. Bg5 d5
11. h3 Qf5 12. Bh5 Nd7 13. g4 Qe4 14. Nbd2 Qxe1+ 15. Qxe1 g6 16. Nxd4
1-0

[Event "Portueguese Mini Tournament II"]
[Site "SchemingMind.com"]
[Date "2008.01.26"]
[Round "-"]
[White "Aadsje"]
[Black "fjpv"]
[Result "0-1"]
[WhiteCountry "NED"]
[BlackCountry "POR"]
[WhiteElo "1897"]
[WhiteRD "64"]
[BlackElo "2332"]
[BlackRD "88"]
[GameID "139107"]

1. e4 e5 2. Bb5 c6 3. Be2 d5 4. Nf3 dxe4 5. Nxe5 Qg5 6. Ng4 f5 7. d3 Qe7 8. Ne3 f4 9. dxe4 fxe3 10. Bxe3 Be6
11. Nc3 Nd7 12. Qd2 Qd6 13. Bd4 c5 14. Be3 Qxd2+ 15. Bxd2 O-O-O 16. O-O-O Ne7 17. f4 Nc6 18. Be3 c4 19. f5 Bf7 20. Kb1 Bb4
21. Nd5 Bc5 22. Bxc4 Rde8 23. Bb3 Bxe3 24. Nxe3 Bxb3 25. axb3 Nf6 26. Nc4 Nxe4 27. Rhe1 Kc7 28. Ne3 Nf2
0-1

[Event "Portueguese Mini Tournament II"]
[Site "SchemingMind.com"]
[Date "2008.01.28"]
[Round "-"]
[White "Aadsje"]
[Black "kifosi"]
[Result "1-0"]
[WhiteCountry "NED"]
[BlackCountry "DEN"]
[WhiteElo "2229"]
[WhiteRD "67"]
[BlackElo "1857"]
[BlackRD "64"]
[GameID "139108"]

1. e4 e5 2. Bb5 c6 3. Bd3 d5 4. Nc3 d4 5. Nce2 Bc5 6. Nf3 Bd6 7. c3 dxc3 8. dxc3 Bg4 9. Be3 Bxf3 10. gxf3 Ne7
11. Qc2 Ng6 12. O-O-O Nd7 13. Ng3 Nf4 14. Bc4 Qe7 15. Nf5
1-0

[Event "Portueguese Mini Tournament II"]
[Site "SchemingMind.com"]
[Date "2008.01.26"]
[Round "-"]
[White "Aadsje"]
[Black "javilez"]
[Result "1-0"]
[WhiteCountry "NED"]
[BlackCountry "NCA"]
[WhiteElo "2229"]
[WhiteRD "67"]
[BlackElo "1653"]
[BlackRD "71"]
[GameID "139109"]

1. e4 e5 2. Bb5 c6 3. Be2 d5 4. Nf3 Bd6 5. d4 Nd7 6. exd5 cxd5 7. dxe5 Nxe5 8. O-O Nf6 9. Nxe5 Bxe5 10. Bb5+ Bd7
11. Re1 Qc7 12. Bf4 Ne4 13. Bxd7+
1-0

[Event "Portueguese Mini Tournament II"]
[Site "SchemingMind.com"]
[Date "2008.01.26"]
[Round "-"]
[White "Aadsje"]
[Black "SLAINTIE MHATH"]
[Result "1-0"]
[WhiteCountry "NED"]
[BlackCountry "POL"]
[WhiteElo "2209"]
[WhiteRD "64"]
[BlackElo "1591"]
[BlackRD "45"]
[GameID "139110"]

1. e4 e5 2. Bb5 a6 3. Ba4 b5 4. Bb3 Bb7 5. Nf3 f6 6. d4 Bd6 7. dxe5 Bxe5 8. Nxe5 Bxe4 9. Nf7 Qe7 10. O-O Nc6
11. Nxh8 O-O-O 12. Nc3 Bf5 13. Nd5 Qc5 14. Be3 Qf8 15. a4 Nh6 16. axb5 axb5 17. Qe2 Qxh8 18. Ra8+ Kb7 19. Qxb5+ Kxa8 20. Nxc7#
1-0

[Event "Portueguese Mini Tournament II"]
[Site "SchemingMind.com"]
[Date "2008.01.26"]
[Round "-"]
[White "JPT"]
[Black "Aadsje"]
[Result "1-0"]
[WhiteCountry "INT"]
[BlackCountry "NED"]
[WhiteElo "1784"]
[WhiteRD "83"]
[BlackElo "1897"]
[BlackRD "64"]
[GameID "139111"]

1. e4 e5 2. Bb5 c6 3. Ba4 Nf6 4. Nc3 Bc5 5. Nf3 d6 6. h3 b5 7. Bb3 O-O 8. d3 a5 9. a4 b4 10. Ne2 Na6
11. Bg5 h6 12. Bh4 Nc7 13. Qd2 Ne6 14. O-O-O Bd7 15. g4 Bb6 16. g5 hxg5 17. Nxg5
1-0

[Event "Portueguese Mini Tournament II"]
[Site "SchemingMind.com"]
[Date "2008.01.26"]
[Round "-"]
[White "fjpv"]
[Black "Aadsje"]
[Result "1-0"]
[WhiteCountry "POR"]
[BlackCountry "NED"]
[WhiteElo "2332"]
[WhiteRD "88"]
[BlackElo "1897"]
[BlackRD "64"]
[GameID "139112"]

1. e4 e5 2. Bb5 c6 3. Ba4 Nf6 4. Nc3 d5 5. exd5 b5 6. Bb3 b4 7. Na4 Bd6 8. dxc6 O-O 9. d3 Nxc6 10. Ne2 Na5
11. O-O Bb7 12. Ng3 Rc8 13. Be3 Qd7 14. Re1 Nxb3 15. axb3 Qc6 16. f3 Qxc2 17. Bxa7 Qxd1 18. Raxd1 Rfe8 19. Bf2 Bf8 20. Nb6 Rc2
21. Nc4 Re6 22. Kf1 Nd5 23. Rc1 Rxc1 24. Rxc1 Nf4 25. Rd1 Bc6 26. d4 exd4 27. Rxd4 Nd5 28. Rd1
1-0

[Event "Portueguese Mini Tournament II"]
[Site "SchemingMind.com"]
[Date "2008.01.27"]
[Round "-"]
[White "kifosi"]
[Black "Aadsje"]
[Result "1-0"]
[WhiteCountry "DEN"]
[BlackCountry "NED"]
[WhiteElo "1892"]
[WhiteRD "65"]
[BlackElo "1897"]
[BlackRD "64"]
[GameID "139113"]

1. e4 e5 2. Bb5 c6 3. Ba4 d5 4. Nc3 Nf6 5. exd5 b5 6. Bb3 b4 7. Nce2 Bd6 8. dxc6 O-O 9. d3 Nxc6 10. Nf3 Bg4
11. O-O Qd7 12. Ng5 Bc5 13. h3 Bh5 14. c3 Rad8 15. Ba4 bxc3 16. bxc3 Qd5 17. Re1
1-0

[Event "Portueguese Mini Tournament II"]
[Site "SchemingMind.com"]
[Date "2008.01.26"]
[Round "-"]
[White "javilez"]
[Black "Aadsje"]
[Result "0-1"]
[WhiteCountry "NCA"]
[BlackCountry "NED"]
[WhiteElo "1653"]
[WhiteRD "71"]
[BlackElo "2229"]
[BlackRD "67"]
[GameID "139114"]

1. e4 e5 2. Bb5 c6 3. Ba4 Nf6 4. d3 d5 5. Nc3 b5 6. Bb3 a5 7. a3 a4 8. Ba2 dxe4 9. Nxe4 Nxe4 10. dxe4 Qxd1+
11. Kxd1 Na6 12. Be3 Nc5 13. f3 f5
0-1

[Event "Portueguese Mini Tournament II"]
[Site "SchemingMind.com"]
[Date "2008.01.26"]
[Round "-"]
[White "SLAINTIE MHATH"]
[Black "Aadsje"]
[Result "0-1"]
[WhiteCountry "POL"]
[BlackCountry "NED"]
[WhiteElo "1591"]
[WhiteRD "45"]
[BlackElo "2209"]
[BlackRD "64"]
[GameID "139115"]

1. e4 e5 2. Bb5 c6 3. Ba4 Nf6 4. d3 d5 5. Nd2 dxe4 6. dxe4 a5 7. a3 Na6 8. f3 b5 9. Bb3 Bc5 10. Ba2 Ra7
11. Nh3 Bxh3 12. gxh3 Nh5 13. Nf1 Qh4+ 14. Ng3 Nxg3 15. Kd2 Rd7+ 16. Bd5 Rxd5+ 17. Kc3 Nxe4+ 18. fxe4 Qxh3+ 19. Qd3 b4+ 20. Kb3 Rxd3+
21. cxd3 Qxd3+
0-1

[Event "Portueguese Mini Tournament II"]
[Site "SchemingMind.com"]
[Date "2008.01.27"]
[Round "-"]
[White "ramanujan"]
[Black "JPT"]
[Result "1-0"]
[WhiteCountry "IND"]
[BlackCountry "INT"]
[WhiteElo "1985"]
[WhiteRD "93"]
[BlackElo "1769"]
[BlackRD "79"]
[GameID "139165"]

1. e4 e5 2. Bb5 c6 3. Ba4 Nf6 4. Qe2 Bc5 5. Nf3 d6 6. O-O O-O 7. c3 d5 8. d3 Bg4 9. Be3 d4 10. cxd4 exd4
11. Bg5 Be7 12. Nbd2 Nbd7 13. h3 Bh5 14. g4 Bg6 15. Bb3 c5 16. e5 Ne8 17. e6 Ndf6 18. Rfe1 h6 19. Bxf6 Bxf6 20. e7 Bxe7
21. Qxe7 Bxd3 22. Qxc5 Ba6 23. Qxd4 Qa5 24. Qe5 Qb6 25. g5 hxg5 26. Nxg5 Qg6 27. Nf3 Nd6 28. Rad1 Nc4 29. Qf4 b5 30. Bxc4 bxc4
31. Rd6
1-0

[Event "Portueguese Mini Tournament II"]
[Site "SchemingMind.com"]
[Date "2008.01.27"]
[Round "-"]
[White "ramanujan"]
[Black "fjpv"]
[Result "0-1"]
[WhiteCountry "IND"]
[BlackCountry "POR"]
[WhiteElo "1871"]
[WhiteRD "97"]
[BlackElo "2287"]
[BlackRD "85"]
[GameID "139166"]

1. e4 e5 2. Bb5 c6 3. Ba4 Nf6 4. d4 exd4 5. e5 Qa5+ 6. Nd2 Qxe5+ 7. Ne2 Qa5 8. Bb3 Be7 9. O-O d5 10. Nxd4 c5
11. N4f3 c4 12. Bxc4 dxc4 13. Nxc4 Qa6 14. b3 O-O 15. Re1 Nc6 16. Bb2 Bg4 17. Qd3 Rfe8 18. Ng5 Rad8 19. Qg3 Bf5 20. Re3 b5
21. Rae1 Ng4 22. Qf4 Nxe3 23. Nxe3 Bg6 24. g4 h6 25. Nh3 Qxa2 26. Ba1 Nb4 27. g5 Nxc2 28. Nxc2 Qxc2 29. gxh6 Rd1 30. Qe5 Rxe1+
31. Qxe1 Rd8 32. Qxe7 Qd1+ 33. Kg2 Qg4+
0-1

[Event "Portueguese Mini Tournament II"]
[Site "SchemingMind.com"]
[Date "2008.01.27"]
[Round "-"]
[White "ramanujan"]
[Black "kifosi"]
[Result "1-0"]
[WhiteCountry "IND"]
[BlackCountry "DEN"]
[WhiteElo "1998"]
[WhiteRD "93"]
[BlackElo "1892"]
[BlackRD "65"]
[GameID "139167"]

1. e4 e5 2. Bb5 c6 3. Be2 Bc5 4. Nf3 d6 5. d3 Nf6 6. O-O O-O 7. c3 Bg4 8. b4 Bb6 9. Bb2 Nbd7 10. Nbd2 h6
11. d4 exd4 12. cxd4 Re8 13. h3 Bh5 14. Qc2 Qe7 15. Bd3 a6 16. Rfe1 Bc7 17. a3 Bg6 18. Re2 Nh5 19. g3 Nhf6 20. Rae1 Qe6
21. Kg2 Nb6 22. e5 Bxd3 23. Qxd3 dxe5 24. Nxe5 Nbd5 25. Qf3 a5 26. b5 cxb5 27. Nb3 Bxe5 28. dxe5 Nd7 29. Nd4 Nxe5 30. Rxe5 Qxe5
31. Rxe5 Rxe5 32. Nf5
1-0

[Event "Portueguese Mini Tournament II"]
[Site "SchemingMind.com"]
[Date "2008.01.27"]
[Round "-"]
[White "ramanujan"]
[Black "javilez"]
[Result "1-0"]
[WhiteCountry "IND"]
[BlackCountry "NCA"]
[WhiteElo "1895"]
[WhiteRD "96"]
[BlackElo "1653"]
[BlackRD "71"]
[GameID "139168"]

1. e4 e5 2. Bb5 c6 3. Ba4 Nf6 4. d3 Be7 5. Nf3 O-O 6. Nxe5 d6 7. Nf3 Bg4 8. O-O Nbd7 9. Bf4 Nh5 10. Be3 Ne5
11. Nbd2 g6 12. d4 Nxf3+ 13. Nxf3
1-0